000 00787nas a2200265 i 4500
001 1009
003 ES-MaACL
005 20250809062527.0
007 t|
008 950801d1985 lu | | 1 ||pa d
022 _a0257-7763
080 _a34
245 0 0 _aDiario oficial de las Comunidades Europeas.
_n, 17,
_pDerecho de sociedades.
246 1 0 _aDerecho de sociedades.
_n17
250 _aEd. especial.
260 _aLuxembourg :
_bOficina de Publicaciones Oficiales de las Comunidades Europeas,
_c1985.
300 _a1 v. ;
_c30 cm.
310 _aIrregular
362 0 _aV. 1 (1985)-1985)
650 1 7 _aDerecho
_2embne
_911602
852 _aES-MaACL
_jHEM-D-32
_dOlim: hem-1670
_91032
_zExpurgado: 22-1-2025
866 0 _o1985
942 _2udc
999 _c1009
_d1009